| 000 | 00659nmc a2200217 a 4500 | ||
|---|---|---|---|
| 003 | AR-X00000XY | ||
| 005 | 20251128212003.0 | ||
| 008 | 067020s1944 ||||||||||||||000 | spa|| | ||
| 040 | _cAR-X00000XY | ||
| 100 | 1 | _aBaudelaire, Charles | |
| 245 | 1 | 0 | _aProyectos de prólogos para "Flores del mal" |
| 260 |
_aBuenos Aires _bPoseidón _c1944 |
||
| 300 | 0 |
_a129 p. _blám. |
|
| 490 | 0 |
_aColección Los raros: panorama de la literatura moderna. Precursores. I _v3 |
|
| 500 | 0 | _aContiene dedicatoria manuscrita | |
| 655 | _aLITERATURA | ||
| 700 | 1 |
_aPla, Roger _etraductor |
|
| 740 | 0 | _aConsejos a los jóvenes escritores | |
| 942 | _cBK | ||
| 998 | _cmartin | ||
| 999 |
_c21921 _d21921 |
||